A new paradigm for understanding violence? Testing the limits of Lonnie Athens's theory
There is a burgeoning literature on the aetiology, performance and consequences of violence. Research straddles a variety of disciplines including law, sociology, psychology, anthropology, criminology, military history and theology. The violentization theory' of Lonnie Athens is seldom encounte...
| Autor principal: | |
|---|---|
| Tipo de documento: | Print Artículo |
| Lenguaje: | Inglés |
| Publicado: |
2003
|
| En: |
The British journal of criminology
Año: 2003, Volumen: 43, Número: 4, Páginas: 750-771 |
| Verificar disponibilidad: | HBZ Gateway |
| Palabras clave: |
MARC
| LEADER | 00000caa a22000002c 4500 | ||
|---|---|---|---|
| 001 | 1639315209 | ||
| 003 | DE-627 | ||
| 005 | 20220608124717.0 | ||
| 007 | tu | ||
| 008 | 160223s2003 xx ||||| 00| ||eng c | ||
| 035 | |a (DE-627)1639315209 | ||
| 035 | |a (DE-576)455834199 | ||
| 035 | |a (DE-599)BSZ455834199 | ||
| 040 | |a DE-627 |b ger |c DE-627 |e rakwb | ||
| 041 | |a eng | ||
| 100 | 1 | |a O'Donnell, Ian |4 aut | |
| 109 | |a O'Donnell, Ian | ||
| 245 | 1 | 2 | |a A new paradigm for understanding violence? Testing the limits of Lonnie Athens's theory |c Ian O'Donnell |
| 264 | 1 | |c 2003 | |
| 336 | |a Text |b txt |2 rdacontent | ||
| 337 | |a ohne Hilfsmittel zu benutzen |b n |2 rdamedia | ||
| 338 | |a Band |b nc |2 rdacarrier | ||
| 520 | |a There is a burgeoning literature on the aetiology, performance and consequences of violence. Research straddles a variety of disciplines including law, sociology, psychology, anthropology, criminology, military history and theology. The violentization theory' of Lonnie Athens is seldom encountered in the literature, although it provides an interesting way of re-framing traditional questions about violence as a process. This article serves as a critical introduction to violentization and draws on a range of source material not usually found in criminological research to test the limits of Athens's approach | ||
| 773 | 0 | 8 | |i In |t The British journal of criminology |d Oxford : Univ. Press, 1960 |g 43(2003), 4, Seite 750-771 |w (DE-627)129851361 |w (DE-600)280389-6 |w (DE-576)015150712 |x 0007-0955 |7 nnas |
| 773 | 1 | 8 | |g volume:43 |g year:2003 |g number:4 |g pages:750-771 |
| 776 | 1 | |o 10.1093/bjc/43.4.750 | |
| 935 | |a mkri | ||
| 951 | |a AR | ||
| ELC | |b 1 | ||
| LOK | |0 000 xxxxxcx a22 zn 4500 | ||
| LOK | |0 001 3299786695 | ||
| LOK | |0 003 DE-627 | ||
| LOK | |0 004 1639315209 | ||
| LOK | |0 005 20250516150446 | ||
| LOK | |0 008 160208||||||||||||||||ger||||||| | ||
| LOK | |0 040 |a DE-21-110 |c DE-627 |d DE-21-110 | ||
| LOK | |0 689 |a s |a Gewaltforschung | ||
| LOK | |0 689 |a s |a Gewalt | ||
| LOK | |0 689 |a s |a Theorie | ||
| LOK | |0 852 |a DE-21-110 | ||
| LOK | |0 852 1 |m p |9 00 | ||
| LOK | |0 935 |a k110 | ||
| LOK | |0 938 |k p | ||
| LOK | |0 939 |a 08-02-16 |b l01 | ||
| ORI | |a SA-MARC-krimdoka001.raw | ||
